Kúzelný Bob /
Zoznámte sa s najbláznivejším dáždnikom, aký ste kedy videli! Volá sa Bob, má hlavu psa, dokáže rozprávať, myslieť, cítiť a má mnohé magické schopnosti. Päť rokov prežil v stratách a nálezoch, túžiac po niekom, kto ho bude mať rád. Keď spozná Sylviu Mesačnú, ktorá si ho kúpi, má pocit, že sa mu spln...
Uloženo v:
| Hlavní autor: | |
|---|---|
| Médium: | E-kniha |
| Jazyk: | Czech |
| Vydáno: |
Praha :
Albatros Media Slovakia s.r.o.,
2026
|
| Tagy: |
Žádné tagy |
| LEADER | 01504nam a22002297i 4500 | ||
|---|---|---|---|
| 001 | 302749 | ||
| 007 | ta | ||
| 008 | 260514s2026 xr ||||| |||| 00| 0 cze d | ||
| 020 | |a 9788056651339 | ||
| 044 | |a xr | ||
| 100 | 1 | |a Gardnerová, Sally |4 aut | |
| 245 | 1 | 0 | |a Kúzelný Bob / |c Gardnerová, Sally |
| 240 | 1 | 0 | |a Pernickety BOO |
| 264 | 1 | |a Praha : |b Albatros Media Slovakia s.r.o., |c 2026 | |
| 300 | |a 1 online zdroj (208 stran) | ||
| 336 | |a text |b txt |2 rdacontent | ||
| 337 | |a bez média |b n |2 rdamedia | ||
| 338 | |a online zdroj |b cr |2 rdacarrier | ||
| 520 | 2 | |a Zoznámte sa s najbláznivejším dáždnikom, aký ste kedy videli! Volá sa Bob, má hlavu psa, dokáže rozprávať, myslieť, cítiť a má mnohé magické schopnosti. Päť rokov prežil v stratách a nálezoch, túžiac po niekom, kto ho bude mať rád. Keď spozná Sylviu Mesačnú, ktorá si ho kúpi, má pocit, že sa mu splnilo všetko, o čom sníval. Na svete je však veľa ľudí, ktorí by ho radi vlastnili, a tí ho aj od dievčatka odlúčia. Podarí sa nakoniec Bobovi vrátiť domov k Sylvii? | |
| 910 | |a RBIT002 | ||
| 998 | |d 427007 |a https://core.palmknihy.cz/api/books/427007/cover?tesgim |b https://core.palmknihy.cz/api/books/427007/cover/400?tesgim |c https://core.palmknihy.cz/api/books/427007/cover/50?tesgim |e 2030-06-11 |g 208 |i 9788056651339 |j https://core.palmknihy.cz/api/books/427007/preview.epub |k https://core.palmknihy.cz/api/books/427007/preview.pdf |l |q 49 |r 1 |s https://www.palmknihy.cz/kniha/427007 |t ebook |y 2026 |z 1 | ||
| 999 | |d 302747 | ||